| 000 | 00874nam a22003377a 4500 | ||
|---|---|---|---|
| 005 | 20251017122811.0 | ||
| 008 | 250404b2020 |||||||| |||| 00| 0 spa d | ||
| 020 | _a9788428342858 | ||
| 041 | _aESP | ||
| 082 | _a1.3.1 M828p | ||
| 100 | _aMorales Caraballo, María Gema | ||
| 245 | _aProcesos económico-administrativos en agencias de viajes | ||
| 260 | _aEspaña | ||
| 260 | _bParaninfo | ||
| 260 | _c2020 | ||
| 300 | _a226 páginas | ||
| 300 | _bIlustraciones a color | ||
| 650 | _aADMINISTRACIÓN DE AGENCIAS DE VIAJES | ||
| 650 | _aAGENCIAS DE VIAJE | ||
| 650 | _aCONTABILIDAD | ||
| 650 | _aPATRIMONIO | ||
| 650 | _aPORCESO CONTABLE | ||
| 650 | _aTESORERÍA | ||
| 650 | _aAMORTIZACIONES | ||
| 650 | _aESTADÍSTICAS | ||
| 650 | _aINVENTARIOS | ||
| 650 | _aGESTIÓN DE TESORERÍA | ||
| 650 | _aCLIENTES | ||
| 942 |
_2ddc _cBK |
||
| 999 |
_c13748 _d13748 |
||